000 00444cam a22001097a 4500
008 180718b1955 xxu||||| |||| 00| 0 eng d
082 _aT108x54 R277
100 _aRajana, Cecil and Mehta, Aasha Kapur
245 _aMacro economic policy, sector strategy and enterprise reforms: the case of diammonium phosphate (DAP)
_cby Cecil Rajana and Aasha Kapur Mehta
260 _aNew Delhi
_bIndian Institute of Public Administration
_c1955
300 _a74p.
999 _c503609
_d503609